000 00357 a2200157 4500
001 49306
020 _a8502041746
040 _cAnchieta - Bela Vista
100 _aGaldino, Luiz
240 1 0 _aQuando vovô virou borboleta
_lpor
245 1 0 _aQuando vovô virou borboleta
300 _a46
362 0 _a2003
650 4 _aLiteratura juvenil
942 _cBK
999 _c49306
_d49306